A History of the Freedom Movement / (Record no. 190559)
[ view plain ]
| 000 -LEADER | |
|---|---|
| fixed length control field | 00984 a2200169 4500 |
| 003 - CONTROL NUMBER IDENTIFIER | |
| control field | Nust |
| 005 - DATE AND TIME OF LATEST TRANSACTION | |
| control field | 20230303093524.0 |
| 040 ## - CATALOGING SOURCE | |
| Transcribing agency | Nust |
| 082 ## - DEWEY DECIMAL CLASSIFICATION NUMBER | |
| Classification number | 323.4,HIS |
| 100 ## - MAIN ENTRY--PERSONAL NAME | |
| Personal name | Husain, Mahmud |
| 9 (RLIN) | 109734 |
| 245 ## - TITLE STATEMENT | |
| Title | A History of the Freedom Movement / |
| Statement of responsibility, etc. | Mahmud Husain |
| 250 ## - EDITION STATEMENT | |
| Edition statement | Vol.I |
| 300 ## - PHYSICAL DESCRIPTION | |
| Extent | xiii,630 p |
| 505 ## - FORMATTED CONTENTS NOTE | |
| Formatted contents note | Introductory (Page-1), Symptoms of Decline (Page-58), Successors of Alamgir (Page-75), Ahmad Shah Alamgir II and Shah Alam (Page-107)The Sikh (Page-138), The Marathas (Page-164), The Nawab Wazirs of Ouds (Page-210), Asaf Jah I (Page-234), Shah Abadli and the Third Battle of Panipat (Page-257), The Rohillas (Page-303), The East India Company (Page380), Haider Ali (Page-399), Tipu Sultan I (Page-427), Tipu Sultan II (Page-465), Shah Waliullah (Page-491), Shah waliullah (Page512-541) The Reform Movement in Bengal (Page-542), Sayyid Ahmed Shahid I (Page-556), Sayyid Ahmed Shahid II (Page-581). |
| 650 ## - SUBJECT ADDED ENTRY--TOPICAL TERM | |
| Topical term or geographic name entry element | Freedom movement |
| 9 (RLIN) | 108466 |
| 942 ## - ADDED ENTRY ELEMENTS (KOHA) | |
| Source of classification or shelving scheme | |
| Koha item type | Book |
| Withdrawn status | Lost status | Source of classification or shelving scheme | Damaged status | Not for loan | Permanent Location | Current Location | Shelving location | Date acquired | Full call number | Barcode | Date last seen | Price effective from | Koha item type | Public note |
|---|---|---|---|---|---|---|---|---|---|---|---|---|---|---|
| Military College of Signals (MCS) | Military College of Signals (MCS) | General Stacks | 12/12/2016 | 323.4,HIS | MCS29485 | 12/08/2016 | 12/12/2016 | Book | Almirah No.73, Shelf No.4 |
